00776 2200253 4500001002100000005001500021035002500036245010400061250000900165260008300174300002900257007000300286008004100289040001700330082001200347084001600359650004700375700001600422700002200438700002400460850001200484990000600496990002000502YOGYA00000000005225320241029101403 a0010-081400000051971 aEncyclopedie voor ouders I /cpenyunting, P. Anseeuw, W.J. Bladergroen, P. Daems-Van Ussel..[et.al] aEd.2 aAntwerpen :bUtrecht Uitgeverij De Sikkel,ctahun terbit tidak teridentifikasi a248 hlm. :bilus. 21 cm.ta131115n xx a g e dut d aYOPDYOGbind a649.103 a649.103 ENC aOrangtua dan anak--vEnsiklopedi dan Kamus aAnseeuw, P. aBladergroen, W.J. aUssel, P. Daems-Van aYOPDYOG a- a72999-PD/A.2024